TRUST IN CYBERSPACE (Registro nro. 43071)
[ vista simple ]
| 000 -LEADER | |
|---|---|
| fixed length control field | 00850nam a2200181 a 4500 |
| 001 - CONTROL NUMBER | |
| control field | 43071 |
| 005 - DATE AND TIME OF LATEST TRANSACTION | |
| control field | 20180714021455.0 |
| 008 - FIXED-LENGTH DATA ELEMENTS--GENERAL INFORMATION | |
| fixed length control field | 140415s1999 000 0 eng d |
| 020 ## - INTERNATIONAL STANDARD BOOK NUMBER | |
| International Standard Book Number | 0309065585 |
| 041 ## - LANGUAGE CODE | |
| Language code of text/sound track or separate title | eng |
| 082 ## - DEWEY DECIMAL CLASSIFICATION NUMBER | |
| Classification number | 384.3 |
| Item number | TRU |
| 245 00 - TITLE STATEMENT | |
| Title | TRUST IN CYBERSPACE |
| 250 ## - EDITION STATEMENT | |
| Edition statement | 1a ed. |
| 260 ## - PUBLICATION, DISTRIBUTION, ETC. | |
| Place of publication, distribution, etc. | [s.l.] : |
| Name of publisher, distributor, etc. | NATIONAL ACADEMIC PRESS, |
| Date of publication, distribution, etc. | 1999 |
| 300 ## - PHYSICAL DESCRIPTION | |
| Extent | 331 |
| Dimensions | x 16 x 24 |
| 520 ## - SUMMARY, ETC. | |
| Summary, etc. | TRUST IN CYBERSPACE: ESTE LIBRO PROVEE UN ASESORAMIENTO DEL ARTE DE CONSTRUIR SISTEMAS DE INFORMACION, TAMBIEN MUESTRA DIRECCIONES PARA INVESTIGAR CON TECNOLOGIA DE COMPUTADORAS. QUERRA LEER ESTE LIBRO SI ALGUNA VEZ EN SU VIDA TIENE ALGO QUE VER CON COMPUTADORAS O ALGUNA TELECOMUNICACION. |
| 650 14 - SUBJECT ADDED ENTRY--TOPICAL TERM | |
| Topical term or geographic name entry element | INTERNET (RED DE CONPUTADORES) |
| General subdivision | REDES DE COPUTADORES |
| -- | MEDIDAS DE SEGURIDAD |
| -- | TELECOMUNICACIN |
| -- | POLTICA GUBERNAMENTAL |
| -- | ESTADOS UNIDOS |
| Withdrawn status | Lost status | Source of classification or shelving scheme | Damaged status | Not for loan | Collection code | Home library | Current library | Shelving location | Date acquired | Source of acquisition | Inventory number | Total Checkouts | Full call number | Barcode | Date last seen | Price effective from | Koha item type |
|---|---|---|---|---|---|---|---|---|---|---|---|---|---|---|---|---|---|
| Dewey Decimal Classification | General | Biblioteca Karol Wojtyla | Biblioteca Karol Wojtyla | Sala general | 03/12/2013 | Compra | 151000000000000000044563 | 384.3 TRU | 64880 | 05/01/2026 | 03/12/2013 | Libro |